000 00956nam a2200241Ia 4500
003 OSt
005 20200813125050.0
008 191128s2012 ck ad frl f000 0 spa d
020 _a9789588331690
040 _aCO-JMCR
_cCO-JMCR
041 0 _aspa
082 0 4 _a342.023 /
_bC718c4
_223
110 1 _aColombia.
_98040
240 1 0 _aLeyes, decretos, etc.
245 1 0 _aConstitución Política de Colombia /
_cRepública de Colombia Consejo de Estado
260 _aBogotá :
_bImprenta Nacional de Colombia,
_c2012
300 _a299 páginas :
_bgráficos a blanco y negro ;
_c24 cm.
490 0 _aColección textos jurídicos ;
_v3
505 0 _aDe los derechos, las garantías y los deberes -- De los habitantes y del territorio -- De la participación democrática y de los partidos políticos -- De la organización del estado -- De la Rama Legislativa
650 1 4 _aConstitución
_95567
650 1 4 _aEmblemas Nacionales
_98205
942 _2ddc
_cBK
999 _c5877
_d5877